| 000 -LEADER |
| fixed length control field |
00579nam a2200205Ia 4500 |
| 001 - CONTROL NUMBER |
| control field |
3564 |
| 003 - CONTROL NUMBER IDENTIFIER |
| control field |
GE_BSU |
| 005 - DATE AND TIME OF LATEST TRANSACTION |
| control field |
20190624130539.0 |
| 008 - FIXED-LENGTH DATA ELEMENTS--GENERAL INFORMATION |
| fixed length control field |
181216s2004||||enk|||||||||||||| ||eng|| |
| 040 ## - CATALOGING SOURCE |
| Transcribing agency |
GE_BSU |
| 041 ## - LANGUAGE CODE |
| Language code of text/sound track or separate title |
eng |
| 080 ## - UNIVERSAL DECIMAL CLASSIFICATION NUMBER |
| Universal Decimal Classification number |
159.9.07 |
| 100 ## - MAIN ENTRY--PERSONAL NAME |
| Personal name |
Kellogg, T. Robert; |
| 9 (RLIN) |
2800 |
| 245 #4 - TITLE STATEMENT |
| Title |
The Best Test preparation For The GRE / |
| Remainder of title |
Craduate Record Examenation Psyhology test. |
| 260 ## - PUBLICATION, DISTRIBUTION, ETC. |
| Date of publication, distribution, etc. |
2004 |
| 300 ## - PHYSICAL DESCRIPTION |
| Extent |
581c. ; |
| Other physical details |
23cm. |
| 653 ## - INDEX TERM--UNCONTROLLED |
| keyword |
ფსიქოლოგია |
| 700 ## - ADDED ENTRY--PERSONAL NAME |
| Personal name |
Richard, Pisacreta, Ph. D. |
| Relator term |
ავტორი |
| 9 (RLIN) |
2801 |
| 942 ## - ADDED ENTRY ELEMENTS (KOHA) |
| Koha item type |
წიგნი |
| Source of classification or shelving scheme |
|